[Event "Hetauda Metropolitan-ch U21"]
[Site "Hetauda"]
[Date "2021.03.25"]
[Round "4"]
[White "Joshi, Deergha Raj"]
[Black "Rajbahak, Anil"]
[Result "0-1"]
[WhiteElo "1700"]
[BlackElo "2011"]
[PlyCount "63"]
[EventDate "2021.03.24"]
[EventType "swiss"]
[EventRounds "7"]
[EventCountry "NEP"]
[SourceTitle "EXT 2022"]
[Source "ChessBase"]
[SourceDate "2021.10.06"]
[SourceVersion "1"]
[SourceVersionDate "2021.10.06"]
[SourceQuality "1"]

1. e4 d6 2. d4 Nf6 3. Nc3 g6 4. Nf3 Bg4 5. Be2 Bg7 6. 0-0 0-0 7. h3 Bxf3 8. Bxf3 Nc6 9. g3 e5 10. d5 Nd4 11. Bg2 c5 12. Ne2 Nd7 13. c3 Nxe2+ 14. Qxe2 a6 15. Be3 Rb8 16. Qd2 c4 17. Kh2 f5 18. f4 exf4 19. gxf4 fxe4 20. Bxe4 Qh4 21. Bf3 h5 22. Rg1 Ne5 23. Be2 Kh7 24. Raf1 Rf5 25. Rg3 Rbf8 26. Rfg1 Rxf4 27. Bxf4 Rxf4 28. R1g2 Bh6 29. Qc2 Rf6 30. Kg1 Bf4 31. Rf3 Nxf3+ 32. Bxf3 0-1